Formación de catequistas

Guardat en:
Dades bibliogràfiques
Autor corporatiu: Arquidiócesis de Córdoba (Autor)
Format: Llibre
Idioma:espanyol
Publicat: Buenos Aires PPC 2015
Edició:1a. ed
Matèries:
Etiquetes: Afegir etiqueta
Sense etiquetes, Sigues el primer a etiquetar aquest registre!

MARC

LEADER 00000cam a2200000 a 4500
001 UCC3564
003 CL-VaPUC
008 180527e20150000ag |||||||||||||||||spa|d
020 |a 9789877400649 
082 0 4 |a 268.6  |b ARQ  |2 21 
110 2 |a Arquidiócesis de Córdoba  |e author  |9 597591 
245 1 0 |a Formación de catequistas 
250 |a 1a. ed 
300 |a v 
942 |c BK 
945 |d 20180527 18:33:00  |a arojas 
260 |a Buenos Aires  |b PPC  |c 2015 
500 |a v.1: Biblia y catequesis 
500 |a v.2: Liturgia y catequesis 
500 |a v.3: Cristología y eclesiología para catequistas 
500 |a v.4: Formación de catequistas 
500 |a v.5: Evangelización y catequesis 
650 0 |a Catequesis  |9 314526 
650 7 |a CATEQUISTAS  |2 CL-VaPUC  |9 481683 
650 0 |a Educación religiosa   |9 308312 
650 7 |a PASTORAL CRISTIANA  |2 CL-VaPUC  |9 398048 
583 |a last modification  |c 20180527 18:33:00  |k Rodrigo Vera 
999 |c 371260  |d 371258 
952 |0 0  |1 0  |3 erb  |4 0  |6 268_600000000000000_ARQ_2015  |7 0  |8 A  |9 488191  |a BIBTEO  |b BIBTEO  |h v.1  |i 5472873  |o 268.6 ARQ 2015  |p 5472873  |r 2025-01-17  |w 2019-11-24  |y BK  |z Catalogado en:20180527  |k ICR 
952 |0 0  |1 0  |3 erb  |4 0  |6 268_600000000000000_ARQ_2015  |7 0  |8 A  |9 488192  |a BIBTEO  |b BIBTEO  |h v.1  |i 5472881  |o 268.6 ARQ 2015  |p 5472881  |r 2025-01-17  |w 2019-11-24  |y BK  |z Catalogado en:20180527  |k ICR 
952 |0 0  |1 0  |3 erb  |4 0  |6 268_600000000000000_ARQ_2015  |7 0  |8 A  |9 488193  |a BIBTEO  |b BIBTEO  |h v.2  |i 5472857  |o 268.6 ARQ 2015  |p 5472857  |r 2025-01-17  |w 2019-11-24  |y BK  |z Catalogado en:20180527  |k ICR 
952 |0 0  |1 0  |3 erb  |4 0  |6 268_600000000000000_ARQ_2015  |7 0  |8 A  |9 488194  |a BIBTEO  |b BIBTEO  |h v.2  |i 5472865  |o 268.6 ARQ 2015  |p 5472865  |r 2025-01-17  |w 2019-11-24  |y BK  |z Catalogado en:20180527  |k ICR 
952 |0 0  |1 0  |3 erb  |4 0  |6 268_600000000000000_ARQ_2015  |7 0  |8 A  |9 488195  |a BIBTEO  |b BIBTEO  |h v.3  |i 5472830  |o 268.6 ARQ 2015  |p 5472830  |r 2025-01-17  |w 2019-11-24  |y BK  |z Catalogado en:20180527  |k ICR 
952 |0 0  |1 0  |3 erb  |4 0  |6 268_600000000000000_ARQ_2015  |7 0  |8 A  |9 488196  |a BIBTEO  |b BIBTEO  |h v.3  |i 5472849  |o 268.6 ARQ 2015  |p 5472849  |r 2025-01-17  |w 2019-11-24  |y BK  |z Catalogado en:20180527  |k ICR 
952 |0 0  |1 0  |3 erb  |4 0  |6 268_600000000000000_ARQ_2015  |7 0  |8 A  |9 488197  |a BIBTEO  |b BIBTEO  |h v.4  |i 5472822  |o 268.6 ARQ 2015  |p 5472822  |r 2025-01-17  |w 2019-11-24  |y BK  |z Catalogado en:20180527  |k ICR 
952 |0 0  |1 0  |3 erb  |4 0  |6 268_600000000000000_ARQ_2015  |7 0  |8 A  |9 488198  |a BIBTEO  |b BIBTEO  |h v.4  |i 5472814  |o 268.6 ARQ 2015  |p 5472814  |r 2025-01-17  |w 2019-11-24  |y BK  |z Catalogado en:20180527  |k ICR 
952 |0 0  |1 0  |3 erb  |4 0  |6 268_600000000000000_ARQ_2015  |7 0  |8 A  |9 488199  |a BIBTEO  |b BIBTEO  |h v.5  |i 5472806  |o 268.6 ARQ 2015  |p 5472806  |r 2025-01-17  |w 2019-11-24  |y BK  |z Catalogado en:20180527  |k ICR 
952 |0 0  |1 0  |3 erb  |4 0  |6 268_600000000000000_ARQ_2015  |7 0  |8 A  |9 488200  |a BIBTEO  |b BIBTEO  |h v.5  |i 5472792  |o 268.6 ARQ 2015  |p 5472792  |r 2025-01-17  |w 2019-11-24  |y BK  |z Catalogado en:20180527  |k ICR